000 00244nam a2200097Ia 4500
001 843592
005 20250826173244.0
008 250824s9999 xx 000 0 und d
245 0 _aEZOP MASALLARI
_cERDAL ÇAKICIOĞLU
260 _bAKVARYUM YAYINLARI
999 _c843592
_d843592